Mladí lidé a trh práce: Případová studie regionů ve státech Visegrádské skupiny

Mladí ľudia a ich ťažkosti na trhu práce. Zhodnotenie postavenia mladých ľudí (vek 15-24) na trhu práce v štátoch V4. Komparácia štátov V4 z hľadiskla vybraných indikátorov (predčasné ukončenie vzdelania a odbornej prípravy, mladé obyvateľstvo bez zamestnania a nezaradené do odbornej prípravy, miera...

Ausführliche Beschreibung

Gespeichert in:
Bibliographische Detailangaben
1. Verfasser: Kopáček, Miroslav
Weitere Verfasser: Horáčková, Lucie
Format: Buchkapitel
Sprache:Tschechisch
Schlagworte:
Tags: Tag hinzufügen
Keine Tags, Fügen Sie das erste Tag hinzu!

MARC

LEADER 00000nla a2200000 4500
001 0246013
005 20240417075140.5
041 0 |a cze 
044 |a CZ 
245 1 0 |a Mladí lidé a trh práce: Případová studie regionů ve státech Visegrádské skupiny  |c Miroslav Kopáček, Lucie Horáčková 
520 |a Mladí ľudia a ich ťažkosti na trhu práce. Zhodnotenie postavenia mladých ľudí (vek 15-24) na trhu práce v štátoch V4. Komparácia štátov V4 z hľadiskla vybraných indikátorov (predčasné ukončenie vzdelania a odbornej prípravy, mladé obyvateľstvo bez zamestnania a nezaradené do odbornej prípravy, miera zamestnanosti a nezamestnanosti mladých a týždenné odpracované hodiny pri plnom pracovnom úväzku). Najlepšie výsledky v Českej republike. 
610 2 0 |a trh práce 
610 2 0 |a mládež 
610 2 0 |a vek 
610 2 0 |a zamestnanosť 
610 2 0 |a nezamestnanosť 
610 2 0 |a vzdelanie 
610 2 0 |a práca 
610 2 0 |a porovnanie medzinárodné 
610 2 0 |a Vyšehradská štvorka 
100 1 |a Kopáček, Miroslav 
700 1 |a Horáčková, Lucie